| 000 | 01259nam a22002897i 4500 | ||
|---|---|---|---|
| 999 |
_c22827 _d22827 |
||
| 003 | AR-CdUCM | ||
| 008 | 240415b20202020pe ||||| |||| 00| 0 spa d | ||
| 020 | _a979-886-35059-6-1 | ||
| 040 |
_aMUNICIPALIDAD PROVINCIAL DEL CUSCO _cBIBLIOTECA MUNICIPAL DEL CUSCO |
||
| 041 | _hspa | ||
| 082 |
_a985.74 / Y12 _bY12 |
||
| 100 |
_aYabar Calderon, Virgilio _949542 |
||
| 245 | _aEl Paititi descubierto / | ||
| 260 |
_a Middletown : _bIndependently Published, _c2023 |
||
| 300 |
_a190 Páginas. : _c22.7 cm. |
||
| 500 | _z188-190 | ||
| 505 | _aAntecedentes del Paititi en la Selva Sur Peruana Reserva de la Biosfera del Manu -- Ruinas de Paratoari -- Ruinas de la Pirámide del Otorongo -- Cuando el Mito del Paititi se convierte en realidad | ||
| 650 |
_aAntecedentes del Paititi en la Selva Sur Peruana Reserva de la Biosfera del Manu _949543 |
||
| 650 |
_aLa Meseta del Pantiacolla y el Paratoari _949544 |
||
| 650 |
_aExpediciones a Paratoari _949545 |
||
| 650 |
_aRuinas de Paratoari - Ruinas de la Pirámide del Otorongo _949546 |
||
| 650 |
_aDefensas rivereñas _949547 |
||
| 650 |
_aLos Geoglifos del Paratoari _949548 |
||
| 650 |
_aCuando el Mito del Paititi se convierte en realidad _949549 |
||
| 942 |
_2ddc _cLIBROS |
||
| 945 |
_apbj _d2024-04-15 |
||